000
00244nam a22000857a 4500
999
_c
516484
_d
516484
100
_a
Khan, Mohammad Sharif
_9
23003
245
_a
Education, religion and the modern age
_c
by Mohammad Sharif Khan
260
_a
New Delhi
_b
Ashish
_c
1990
300
_a
185p.